Sinh học 7

Αποθηκεύτηκε σε:
Λεπτομέρειες βιβλιογραφικής εγγραφής
Κύριος συγγραφέας: Nguyễn, Quang Vinh
Άλλοι συγγραφείς: Trần, Kiên
Μορφή: Βιβλίο
Γλώσσα:Undetermined
Έκδοση: H. Giáo dục 2008
Θέματα:
Διαθέσιμο Online:http://lrc.tdmu.edu.vn/opac/search/detail.asp?aID=2&ID=4839
Ετικέτες: Προσθήκη ετικέτας
Δεν υπάρχουν, Καταχωρήστε ετικέτα πρώτοι!
Thư viện lưu trữ: Trung tâm Học liệu Trường Đại học Thủ Dầu Một
LEADER 00619nam a2200205Ia 4500
001 TDMU_4839
008 210410s9999 xx 000 0 und d
082 |a 570.71 
090 |b NG527 
100 |a Nguyễn, Quang Vinh 
245 0 |a Sinh học 7 
245 0 |c Nguyễn Quang Vinh 
260 |a H. 
260 |b Giáo dục 
260 |c 2008 
300 |a 208tr 
650 |a Sách lớp 7  |v Giáo khoa; Sinh học  |x Dạy và học 
700 |a Trần, Kiên 
856 |u http://lrc.tdmu.edu.vn/opac/search/detail.asp?aID=2&ID=4839 
980 |a Trung tâm Học liệu Trường Đại học Thủ Dầu Một